00578nam a2200157 a 450000500170000000800410001705000250005810000280008324500460011150000920015752000720024965000280032165000210034965000260037070000240039620140414093834.0030610s19uu xx 00 eng d aVCD 791.43bRiz 1998 aRizal, Jose (1861-1896) aJose Rizal. /ca Marilou Diaz-Abaya film. a"What matters death if one dies for what one loves for native land and cherished ones?" a3 CDs, winner of over 70 major and local international film awards. aMontano, Cesar (Actor). aMotion pictures. aRizal y Alonzo, Jose. aAbaya, Marilou Diaz